000 00386nam a2200145 i 4500
001 bg
100 1 _aMAZUREK, Jerzy
245 0 _aTyrystorowe układy napędowe z maszyną synchroniczną /
_cJerzy Mazurek, Gustaw Przywara.
260 _aWarszawa,
_c1980.
700 1 _aPRZYWARA, Gustaw
040 _cBPK
041 _apol
942 _cKS
008 s pl f |000 0 pol
999 _c19166
_d19166
856 _uhttp://koha.tu.koszalin.pl/cgi-bin/koha/opac-detail.pl?biblionumber=19166
_yKatalog online BPK